000 00341nam a2200121Ia 4500
008 220217s9999||||xx |||||||||||||| ||und||
082 _a005.133 FOS
100 _aFoster, George
_92637
245 0 _aDevoloping veb sever with java applications
260 _aDreamtech
_bNew Delhi
_c2002
300 _b399
650 _aPROGRAMMING LANGUAGE
999 _c169513
_d169513